Inscripciones romanas de Galicia (Record no. 36917)

MARC details
000 -LEADER
campo de control de longitud fija 00753nam a2200205 i 4500
001 - NÚMERO DE CONTROL
campo de control 36917
003 - IDENTIFICADOR DE NÚMERO DE CONTROL
campo de control ES-MaACL
005 - FECHA Y HORA DE LA ÚLTIMA TRANSACCIÓN
campo de control 20251012173952.0
007 - CAMPO FIJO DE DESCRIPCIÓN FÍSICA--INFORMACIÓN GENERAL
campo de control de longitud fija t|
008 - DATOS DE LONGITUD FIJA--INFORMACIÓN GENERAL
campo de control de longitud fija 030219s1949 sp ||||1| spa d
100 1# - ENTRADA PRINCIPAL--NOMBRE DE PERSONA
Nombre de persona Bouza-Brey Trillo, Fermín,
Fechas asociadas al nombre 1901-1973
9 (RLIN) 31103
245 10 - MENCIÓN DEL TÍTULO
Título Inscripciones romanas de Galicia
Resto del título : Santiago de Compostela /
Mención de responsabilidad, etc. por Fermín Bouza Brey y Alvaro D'Ors.
260 ## - PUBLICACIÓN, DISTRIBUCIÓN, ETC.
Lugar de publicación, distribución, etc. Santiago :
Nombre del editor, distribuidor, etc. Instituto Padre Sarmiento de Estudios Gallegos,
Fecha de publicación, distribución, etc. 1949.
300 ## - DESCRIPCIÓN FÍSICA
Extensión 53 p., 4 lám. ;
Dimensiones 24 cm.
650 04 - PUNTO DE ACCESO ADICIONAL DE MATERIA--TÉRMINO DE MATERIA
Término de materia o nombre geográfico como elemento de entrada Inscripciones latinas-
Subdivisión geográfica España.
9 (RLIN) 13821
700 1# - ENTRADA AGREGADA--NOMBRE PERSONAL
Nombre de persona Ors, Álvaro d',
Fechas asociadas al nombre 1915-2004
9 (RLIN) 139081
710 00 - ENTRADA AGREGADA--NOMBRE DE ENTIDAD CORPORATIVA
Nombre de entidad corporativa o nombre de jurisdicción como elemento de entrada Instituto de Estudios Gallegos "Padre Sarmiento"
9 (RLIN) 4903
852 ## - LOCALIZACIÓN
Ubicación ES-MaACL
Número de control de estantería B-13879
Holdings
Estatus retirado Estado de pérdida Estado de daño No para préstamo Biblioteca de origen Biblioteca actual Ubicación en estantería Fecha de adquisición Fuente de adquisición Total de préstamos Signatura topográfica completa Código de barras Visto por última vez Precio de reemplazo Tipo de ítem Koha
        Biblioteca del Ateneo de Madrid Biblioteca del Ateneo de Madrid Sala Pardo Bazán 17/01/2008     B-13879 1038823 23/02/2023 23/02/2023 Libro impreso